000 00552nam a22001937a 4500
999 _c7222
_d7222
003 OSt
005 20210910121525.0
008 210910b ||||| |||| 00| 0 eng d
020 _a9780393117783
040 _cDDC
082 _a599.938Boy2009
100 _aBoyd,Robert ; Silk,Joan B.
_914845
245 _aHow Humans Evolved.
_cEdited by Boyd,Robert and Silk,Joan B.
260 _aUSA
_bW.W. Norton & Company
_c2009
300 _axxv,474p;
_bill;
_c27cm
504 _aIncludes; references and index.
650 _aBiology
_95602
942 _2ddc
_cO_SHELF